Statistics for Find the logo's

Click here to take the quiz!

General Stats

  • This quiz has been taken 105 times
  • The average score is 12 of 15

Answer Stats

Answer% Correct
Google
97%
SnapChat
95%
Starbucks
95%
Puma
92%
Spotify
92%
Twitter
92%
Microsoft
89%
Xbox
87%
PlayBoy
82%
Excel
74%
AT&T
68%
Nestle
68%
Jif
66%
The North Face
66%
Quaker Oats
42%

Score Distribution

Percentile by Number Answered

Percent of People with Each Score

Your Score History

You have not taken this quiz